<?xml version="1.0" encoding="UTF-8"?>
<record
    xmlns:xsi="http://www.w3.org/2001/XMLSchema-instance"
    xsi:schemaLocation="http://www.loc.gov/MARC21/slim http://www.loc.gov/standards/marcxml/schema/MARC21slim.xsd"
    xmlns="http://www.loc.gov/MARC21/slim">

  <leader>01432nam a2200241 i 4500</leader>
  <controlfield tag="001">60596</controlfield>
  <controlfield tag="003">ES-MaACL</controlfield>
  <controlfield tag="005">20230906164251.0</controlfield>
  <controlfield tag="007">t|</controlfield>
  <controlfield tag="008">031105s1934    fr a         |||| | fre d</controlfield>
  <datafield tag="245" ind1="0" ind2="0">
    <subfield code="a">Essais sur Kierkegaard, P&#xE9;trarque, Goethe </subfield>
    <subfield code="b">: religion et philosophie, musique et poesie, dessins / </subfield>
    <subfield code="c">[Theodor Haecker... [et al.]].</subfield>
  </datafield>
  <datafield tag="260" ind1=" " ind2=" ">
    <subfield code="a">Paris : </subfield>
    <subfield code="b">Descl&#xE9;e de Brouwer, </subfield>
    <subfield code="c">1934.</subfield>
  </datafield>
  <datafield tag="300" ind1=" " ind2=" ">
    <subfield code="a">326 p. : </subfield>
    <subfield code="b">il. ; </subfield>
    <subfield code="c">21 cm.</subfield>
  </datafield>
  <datafield tag="490" ind1="1" ind2=" ">
    <subfield code="a">Courrier des &#xEE;les ; </subfield>
    <subfield code="v">4</subfield>
  </datafield>
  <datafield tag="505" ind1="8" ind2=" ">
    <subfield code="a">Contiene: Haecker, Theodor. La notion de la v&#xE9;rit&#xE9; chez S&#xF6;ren Kierkegaard (trad par Jean Chuzeville). - Maritain. Ra&#xEF;ssa. Douceur du monde. Procession. - Schloezer, B. de. Arthur Louri&#xE9;. - Saint Jean Climaque. Pens&#xE9;es (trad. par Th&#xE9;odore Strawinsky)--Carrouges, Jean. Voie lact&#xE9;e. L'ancien continent. La feinte alternative. Les journaliers. - Gandillae, Maurice de. P&#xE9;trarque et son d&#xE9;mon. - Seuphor, Michel. Informations. - Rama Krishna. De la pi&#xE9;t&#xE9; va&#xEF;shnava. - Du Bos, Charies. Le dernier amour de Goethe et l'"&#xC9;l&#xE9;gie de Marienbad</subfield>
  </datafield>
  <datafield tag="600" ind1="1" ind2="4">
    <subfield code="a">Kierkegaard, S&#xF8;ren (</subfield>
    <subfield code="d">1813-1855)-</subfield>
    <subfield code="x">Cr&#xED;tica e interpretaci&#xF3;n.</subfield>
    <subfield code="9">166022</subfield>
  </datafield>
  <datafield tag="600" ind1="1" ind2="4">
    <subfield code="a">Goethe, Johann Wolfgang von,</subfield>
    <subfield code="d">1749-1832-</subfield>
    <subfield code="x">Cr&#xED;tica e interpretaci&#xF3;n</subfield>
    <subfield code="9">57571</subfield>
  </datafield>
  <datafield tag="600" ind1="1" ind2="4">
    <subfield code="a">Petrarca, Francesco.</subfield>
    <subfield code="9">91528</subfield>
  </datafield>
  <datafield tag="700" ind1="1" ind2=" ">
    <subfield code="a">Haecker, Theodor.</subfield>
    <subfield code="9">61419</subfield>
  </datafield>
  <datafield tag="830" ind1="0" ind2=" ">
    <subfield code="a">Courrier des &#xEE;les ; </subfield>
    <subfield code="v">4</subfield>
    <subfield code="9">230567</subfield>
  </datafield>
  <datafield tag="852" ind1=" " ind2=" ">
    <subfield code="a">ES-MaACL</subfield>
    <subfield code="j">A-2694</subfield>
  </datafield>
  <datafield tag="999" ind1=" " ind2=" ">
    <subfield code="c">60596</subfield>
    <subfield code="d">60596</subfield>
  </datafield>
  <datafield tag="952" ind1=" " ind2=" ">
    <subfield code="0">0</subfield>
    <subfield code="1">0</subfield>
    <subfield code="4">0</subfield>
    <subfield code="7">0</subfield>
    <subfield code="a">ATENEOM</subfield>
    <subfield code="b">ATENEOM</subfield>
    <subfield code="c">SPP1</subfield>
    <subfield code="d">2008-01-17</subfield>
    <subfield code="e">SC</subfield>
    <subfield code="l">0</subfield>
    <subfield code="o">A-2694</subfield>
    <subfield code="p">1063552</subfield>
    <subfield code="r">2023-02-23 00:00:00</subfield>
    <subfield code="w">2023-02-23</subfield>
    <subfield code="y">MONOGRAFIA</subfield>
  </datafield>
</record>
